<?xml version="1.0" encoding="UTF-8"?>
<record
    xmlns:xsi="http://www.w3.org/2001/XMLSchema-instance"
    xsi:schemaLocation="http://www.loc.gov/MARC21/slim http://www.loc.gov/standards/marcxml/schema/MARC21slim.xsd"
    xmlns="http://www.loc.gov/MARC21/slim">

  <leader>01205nam a2200277 a 4500</leader>
  <controlfield tag="001">BRCA_8365</controlfield>
  <controlfield tag="005">20190320210242.0</controlfield>
  <controlfield tag="008">290714s1903----fr-a###f##---#001-0#fre-#</controlfield>
  <datafield tag="041" ind1=" " ind2=" ">
    <subfield code="a">fre</subfield>
  </datafield>
  <datafield tag="044" ind1=" " ind2=" ">
    <subfield code="a">fr</subfield>
  </datafield>
  <datafield tag="050" ind1=" " ind2="4">
    <subfield code="a">NK3049</subfield>
    <subfield code="b">.F46 1903</subfield>
  </datafield>
  <datafield tag="100" ind1="1" ind2=" ">
    <subfield code="a">Fenaille, Maurice</subfield>
    <subfield code="9">20958</subfield>
  </datafield>
  <datafield tag="245" ind1="1" ind2="0">
    <subfield code="a">&#xC9;tat g&#xE9;n&#xE9;ral des Tapisseries de la manufacture des Gobelines</subfield>
    <subfield code="b">depuis son origine jusqu&#xB4;a nos jours 1600-1900</subfield>
    <subfield code="c">publi&#xE9; par Maurice Fenaille.</subfield>
  </datafield>
  <datafield tag="260" ind1=" " ind2=" ">
    <subfield code="a">Paris</subfield>
    <subfield code="b">Hachette</subfield>
    <subfield code="c">1903</subfield>
  </datafield>
  <datafield tag="300" ind1=" " ind2=" ">
    <subfield code="a">4 v.</subfield>
    <subfield code="b">il. (algunas a color), 414 l&#xE1;minas</subfield>
    <subfield code="c">39 cm.</subfield>
  </datafield>
  <datafield tag="500" ind1=" " ind2=" ">
    <subfield code="a">Cuatro ejemplares inventariados como un solo libro por el Banco de M&#xE9;xico</subfield>
  </datafield>
  <datafield tag="500" ind1=" " ind2=" ">
    <subfield code="a">Ejemplares con n&#xFA;mero 199 de 325</subfield>
  </datafield>
  <datafield tag="500" ind1=" " ind2=" ">
    <subfield code="a">Edici&#xF3;n de cantos dorados</subfield>
  </datafield>
  <datafield tag="500" ind1=" " ind2=" ">
    <subfield code="a">Incluye tabla cronol&#xF3;gica, &#xED;ndice de materias e &#xED;ndice de grabados</subfield>
  </datafield>
  <datafield tag="500" ind1=" " ind2=" ">
    <subfield code="a">R101</subfield>
  </datafield>
  <datafield tag="505" ind1="0" ind2=" ">
    <subfield code="a">v.1 P&#xE9;riode de Fondation (1662-1699).-- v.2 P&#xE9;riode du Dix-huiti&#xE9;me si&#xE9;cle (1699-1736).-- v.3 P&#xE9;riode du Dix-huiti&#xE9;me si&#xE9;cle -deuxi&#xE9;me partie- (1737-1793).-- v.4 P&#xE9;riode du Dix-neuvi&#xE9;me si&#xE9;cle (1794-1900)</subfield>
  </datafield>
  <datafield tag="650" ind1="1" ind2="4">
    <subfield code="a">Tapices</subfield>
    <subfield code="y">1600-1900</subfield>
    <subfield code="z">Francia</subfield>
    <subfield code="9">20959</subfield>
  </datafield>
  <datafield tag="650" ind1="1" ind2="4">
    <subfield code="a">Gobelinos</subfield>
    <subfield code="y">1600-1900</subfield>
    <subfield code="z">Francia</subfield>
    <subfield code="9">20960</subfield>
  </datafield>
  <datafield tag="902" ind1=" " ind2=" ">
    <subfield code="a">GFM</subfield>
  </datafield>
  <datafield tag="942" ind1=" " ind2=" ">
    <subfield code="2">lcc</subfield>
    <subfield code="c">B</subfield>
  </datafield>
  <datafield tag="999" ind1=" " ind2=" ">
    <subfield code="c">8033</subfield>
    <subfield code="d">8033</subfield>
  </datafield>
  <datafield tag="952" ind1=" " ind2=" ">
    <subfield code="0">0</subfield>
    <subfield code="1">0</subfield>
    <subfield code="4">0</subfield>
    <subfield code="7">0</subfield>
    <subfield code="a">BRCA</subfield>
    <subfield code="b">BRCA</subfield>
    <subfield code="d">2014-07-29</subfield>
    <subfield code="i">R101</subfield>
    <subfield code="l">0</subfield>
    <subfield code="o">NK3049 .F46 1903 (R101)</subfield>
    <subfield code="p">8989</subfield>
    <subfield code="r">2019-03-22 00:00:00</subfield>
    <subfield code="w">2019-03-22</subfield>
    <subfield code="y">B</subfield>
  </datafield>
</record>
